| 000 | 01382cam a2200361 a 4500 | ||
|---|---|---|---|
| 001 | 16034928 | ||
| 003 | OSt | ||
| 005 | 20240627094503.0 | ||
| 008 | 091228s2009 uk b 001 0 eng | ||
| 010 | _a 2009346684 | ||
| 020 | _a9788171887668 | ||
| 020 | _a817188766X | ||
| 020 | _a9780850928969 (paperback) | ||
| 020 | _a9781848590281 (ebook) | ||
| 025 | _aI-E-2009-346684; 79-91 | ||
| 037 |
_bLibrary of Congress -- New Delhi Overseas Office _cRs695.00 |
||
| 040 |
_aDLC _cmust _dDLC |
||
| 042 | _alcode | ||
| 043 | _ad------ | ||
| 082 | _a381 SRI 2009 | ||
| 100 | 1 |
_aSrinivasan, T. N., _d1933- _97583 |
|
| 245 | 1 | 0 |
_aTrade, growth, and poverty reduction : _bleast-developed countries, landlocked developing countries, and small states in the global economic system / _cT.N. Srinivasan. |
| 260 |
_aLondon : _bCommonwealth Secretariat ; _aNew Delhi : _bAcademic Foundation, _cc2009. |
||
| 300 |
_a152 p. ; _c25 cm. |
||
| 504 | _aIncludes bibliographical references (p. [139]-144) and index. | ||
| 650 | 0 |
_aPoverty _zDeveloping countries. _97525 |
|
| 650 | 0 |
_aGlobalization _xEconomic aspects _zDeveloping countries. _91024 |
|
| 650 | 0 |
_aInternational economic integration. _91909 |
|
| 651 | 0 |
_aDeveloping countries _xCommerce. _917805 |
|
| 906 |
_a7 _bcbc _corigode _d3 _encip _f20 _gy-gencatlg |
||
| 942 |
_2ddc _cO_SHELF |
||
| 999 |
_c8961 _d8961 |
||